| 000 | 01051cam a22003255a 4500 | ||
|---|---|---|---|
| 999 |
_c25024 _d25024 |
||
| 001 | 82871 | ||
| 003 | ARRUPE | ||
| 005 | 20170612100741.0 | ||
| 008 | 940319r19921982nr 000 0beng d | ||
| 010 | _a 95158453 | ||
| 020 | _a9782462098 | ||
| 035 | _a(OCoLC)29989676 | ||
| 040 |
_aNcD _cNcD _dPPiU _dDLC |
||
| 042 | _alccopycat | ||
| 043 | _af-nr--- | ||
| 050 | 0 | 0 |
_aDT515.83.O38 _bF67 1992 |
| 100 | 1 |
_aForsyth, Frederick, _d1938- _932503 |
|
| 245 | 1 | 0 |
_aEmeka / _cFrederick Forsyth. |
| 250 | _aReprinted with corrections | ||
| 260 |
_aIbadan, Nigeria : _bSpectrum Books ; _aJersey, Channel Islands, UK : _bSafari Books (Export), _c1992. |
||
| 300 |
_av, 153 p. ; _c18 cm. |
||
| 440 | 0 |
_aSpectrum paperbacks _932504 |
|
| 500 | _aOriginally published 1982. | ||
| 600 | 1 | 0 |
_aOjukwu, Chukwuemeka Odumegwu, _d1933-2011. _932505 |
| 610 | 1 | 0 |
_aNigeria. _bNigerian Army _xOfficers _vBiography. _932506 |
| 651 | 0 |
_aNigeria _xHistory _y1960- _99122 |
|
| 651 | 0 |
_aNigeria _xHistory _yCivil War, 1967-1970. _932507 |
|
| 906 |
_a0 _bibc _ccopycat _d4 _encip _f19 _gy-gencatlg |
||
| 942 |
_2lcc _cMONOGRAPH |
||